[Event "Wch U18"]
[Site "Durban"]
[Date "2014.09.29"]
[Round "11"]
[White "Bortnyk, Olexandr"]
[Black "Studer, Noel"]
[Result "1-0"]
[WhiteElo "2505"]
[BlackElo "2404"]
[Annotator "Schulz,Andre"]
[PlyCount "51"]
[EventDate "2014.09.20"]
[EventType "swiss"]
[EventRounds "11"]
[EventCountry "RSA"]
[SourceTitle "CBM 162 Extra"]
[Source "ChessBase"]
[SourceDate "2014.10.17"]
[SourceVersion "1"]
[SourceVersionDate "2014.10.17"]
[SourceQuality "1"]

1. e4 e6 2. d4 d5 3. Nc3 Nf6 4. e5 Nfd7 5. f4 c5 6. Nf3 Be7 {Der jüngste
Trend in der Klassischen Variante der Französischen Verteidigung.} 7. Be3 b6
8. Be2 ({Hier wäre der übliche weiße Plan mit langer Rochade ungünstig...} 
8. Qd2 O-O 9. O-O-O Nc6 10. Kb1 {... da Schwarz mit} c4 11. f5 b5 {schnell zum
Angriff kommt.} 12. Nxb5 Rb8 13. Nd6 Bxd6 14. exd6 Nf6 15. Bg5 Qb6 16. Qc3 Ne4
17. Qa3 exf5 18. Be2 Nxg5 19. Nxg5 Nxd4 20. Bh5 g6 21. Qc3 Nb5 22. Qf6 d4 23.
Kc1 Nc3 24. bxc3 Qb2+ 25. Kd2 Qxc3+ 26. Ke2 d3+ {0-1 (26) Saric,I (2628)-Svane,
R (2467) Kozloduy 2013}) 8... Ba6 ({Ein aktuelles Beispiel aus dem
Spitzenschach:} 8... O-O 9. O-O Nc6 10. Qe1 f5 11. a3 Bb7 12. Bb5 Qc8 13. Kh1
Ba6 14. Bxc6 Qxc6 15. Rg1 Rf7 16. Qd2 Nf8 17. Nd1 Ng6 18. Nf2 Nh4 19. Nxh4 Bxh4
20. a4 Rc8 21. Rgc1 Rfc7 22. Nh3 Be7 23. Ng1 Bb7 24. Nf3 a5 25. Bf2 Qe8 26. c3
Bc6 27. Qc2 Bd7 28. Be3 Rb7 29. h3 c4 30. Rg1 b5 31. axb5 Rxb5 32. Raf1 Qh5 33.
Kh2 Ra8 34. Bc1 a4 35. Rf2 Be8 36. Nd2 Qf7 37. Nb1 Qf8 38. Na3 Bxa3 39. bxa3
Bg6 40. Re1 Rb3 41. Rff1 Rab8 42. Re3 Qe8 43. Rfe1 Rb1 44. Qf2 R8b3 45. Qa2 Qb5
46. Rg1 Qb6 47. Rge1 Qd8 48. Rg1 Qh4 49. Rg3 Bh5 50. Qf2 Kh8 51. Rf1 Ra1 52.
Qd2 Qe7 53. Re3 Rbb1 54. Ree1 Qb7 55. Qf2 Bg6 56. Qh4 Qd7 57. Bb2 Rxe1 58. Rxe1
Rxe1 59. Qxe1 Qb5 60. Qd2 Qb3 61. Bc1 Qb1 62. Qb2 Qxb2 63. Bxb2 {1/2-1/2 (63)
Anand,V (2785)-Caruana,F (2791) Dubai 2014}) 9. O-O O-O ({Oder} 9... Bxe2 10.
Nxe2 Nc6 11. c4 dxc4 12. d5 exd5 13. Qxd5 Nb4 14. Qxc4 b5 15. Qe4 Qc8 16. Nc3
Qc6 17. Qxc6 Nxc6 18. Nxb5 Rb8 19. Nc7+ Kd8 20. Nd5 Rxb2 21. Rfd1 Re8 22. Rac1
Rxa2 23. Nd2 g5 24. Ne4 gxf4 25. Bxc5 Bxc5+ 26. Nxc5 Rg8 27. g3 fxg3 28. h3
Ndxe5 29. Nb4+ Ke8 30. Nxa2 Nf3+ 31. Kg2 Nh4+ 32. Kf1 Nf3 33. Ne4 g2+ 34. Kf2
g1=Q+ 35. Rxg1 Rxg1 36. Rxc6 Ra1 37. Nf6+ Ke7 38. Nc3 Ne5 39. Ncd5+ Kd8 40. Rc3
Ra2+ 41. Kg3 Rd2 42. Kf4 Ng6+ 43. Kg5 Ne7 44. Nxe7 Kxe7 45. Re3+ Kd8 46. Ra3
Rg2+ 47. Ng4 h6+ 48. Kh4 f5 49. Nxh6 {1-0 (49) Karjakin,S (2780)-Hou,Y (2603)
Wijk aan Zee 2013}) 10. f5 $1 (10. Bxa6 Nxa6 11. Ne2 Rc8 12. c3 b5 13. g4 b4
14. Ng3 bxc3 15. bxc3 cxd4 16. Bxd4 Nac5 17. f5 f6 18. fxe6 Nxe6 19. Nf5 fxe5
20. Nxe7+ Qxe7 21. Nxe5 Nxd4 22. Nxd7 Ne2+ 23. Kg2 Qe4+ 24. Kh3 Rxc3+ 25. Kh4
g5+ 26. Kh5 Qg6# {0-1 (26) Siemes,R (2051)-Steinle,C (2186) Dortmund 2014})
10... Bxe2 11. Nxe2 exf5 12. c3 Na6 13. Qd3 Nc7 14. Qxf5 f6 $2 ({Die Maschine
empfiehlt} 14... Nb8 $5 15. Nf4 Qd7) 15. e6 Nb8 (15... g6 16. Qh3 Nb8 17. Nf4
$16) 16. Nf4 Qd6 $2 ({Nicht wirklich besser war} 16... Bd6 {Nach} 17. dxc5 bxc5
18. Rad1 Nc6 19. Nxd5 Ne7 20. Nxe7+ Qxe7 21. Rxd6 Qxd6 22. Bxc5 Qxe6 23. Qxe6+
Nxe6 24. Bxf8 Kxf8 {hat Schwarz den Angriff zwar durch Tausch entschärft, hat
aber ein sehr schwieriges Endspiel vor sich.}) 17. dxc5 ({Stark war auch} 17.
Nh4 Nc6 18. Qg4 $18) 17... bxc5 18. Rad1 Rd8 19. b4 $1 {Weiß braucht das Feld
d4 für seine Gewinnidee.} cxb4 20. Ng5 $1 fxg5 21. Qf7+ Kh8 22. Bd4 {Das war
die Idee.} Rg8 {Nun folgt ein Schluss für die Taktik-Lehrbücher:} 23. Ng6+
hxg6 24. Qxg6 Qxe6 25. Qh5+ {Studer beweist nun Sportsgeist und lässt sich
Mattsetzten.} Qh6 26. Qxh6# 1-0

[Event "Poikovsky Karpov 16th"]
[Site "Poikovsky"]
[Date "2015.10.06"]
[Round "8"]
[White "Khismatullin, Denis Rimovich"]
[Black "Inarkiev, Ernesto"]
[Result "1-0"]
[WhiteElo "2651"]
[BlackElo "2660"]
[Annotator "Schulz,Andre"]
[PlyCount "139"]
[EventDate "2015.09.28"]
[EventType "tourn"]
[EventRounds "9"]
[EventCountry "RUS"]
[EventCategory "17"]
[SourceTitle "CBM 169"]
[Source "ChessBase"]
[SourceDate "2015.11.10"]
[SourceVersion "1"]
[SourceVersionDate "2015.11.10"]
[SourceQuality "1"]

1. e4 e6 2. d4 d5 3. Nc3 Nf6 4. e5 Nfd7 5. f4 c5 6. Nf3 Nc6 7. Be3 b6 {Die
moderne Interpretation des Klassischen Franzosen.} 8. Bb5 $5 Bb7 {[#]} 9. f5 $1
{Schon beginnt der Tanz. Auf f5 nehmen oder stehen lassen? Schwarz entscheidet
sich für das Nehmen.} exf5 (9... cxd4 $2 10. Bxc6 Bxc6 11. Nxd4 $18) 10. Nxd5
cxd4 11. Bg5 Qc8 12. Qe2 Bc5 13. b4 Nd8 14. c4 Bxd5 15. cxd5 Bxb4+ 16. Kf1 O-O
{[#] Ein wildes Hauen und Stechen mit komplizierten Berechnungen. Weiß wirft
nun den e-Bauern nach vorne, der eine Figur einbringt.} 17. e6 fxe6 18. dxe6
Nf6 19. e7 Bxe7 20. Qxe7 Nd5 21. Qd7 Qc5 22. Rc1 Nc3 {Schwarz hat drei Bauern
für die Figur und der weiße König steht unsicher. Die Maschine sieht Weiß
im Vorteil, aber es gibt viele taktische Fallstricke.} 23. Nxd4 Rf7 24. Qe8+
Rf8 {[#]} 25. Qe1 (25. Qe3 $5 {hält den Sd4 gedeckt.} Rc8 26. Ba6 Rc7 27. Qd3
$19 {mit der Idee Ld2}) 25... Rc8 26. Bd2 Qxd4 27. Rxc3 Nf7 28. h4 Qd5 29. Qe2
Qxa2 30. Bc4 Qa1+ 31. Rc1 Qf6 32. Rh3 Kh8 33. Bc3 Qh6 34. Bd2 Qf6 35. Re1 Nd6
36. Bc3 Qg6 37. h5 Qh6 38. Bd2 f4 39. Bb3 Nf5 {[#] Weiß hat um den 25.Zug
einen Großteil seines Vorteils eingebüßt und muss nun einiges schwarzes
Gegenspiel aushalten.} 40. Qf2 Ne3+ 41. Kg1 Ng4 ({Schwarz sollte die
Freibauern ins Rennen bringen.} 41... a5) ({oder} 41... b5) 42. Qh4 Qd6 43.
Qxg4 Qxd2 44. Re7 Qd4+ 45. Kh2 Qf6 46. Rxa7 Rc5 47. h6 Rg5 48. hxg7+ ({Stark
war} 48. Qf3 $1 gxh6 49. Qe4 $18) 48... Rxg7 49. Rxg7 Qxg7 50. Qxg7+ Kxg7 51.
Rd3 Kf6 {[#] Durch Tausch hat Weiß die Partie in ein Endspiel geführt, in
dem er seinen Materialvorteil nun ungefährdet in einen Punkt verwandeln kann.}
52. Rd5 Ke7 53. Bd1 Rf6 54. Bf3 Rh6+ 55. Kg1 Rd6 56. Rb5 Kf7 57. Be4 h6 58. Kf2
Ke7 59. Kf3 Rf6 60. Bf5 Rd6 61. Kxf4 Kf6 62. Be4 Ke7 63. Rb1 Rf6+ 64. Bf5 Rc6
65. Rd1 Rd6 66. Rxd6 Kxd6 67. Kg4 Ke5 68. Bd7 Kf6 69. Kh5 Kg7 70. Bb5 1-0

[Event "FIDE World Cup"]
[Site "Baku"]
[Date "2015.09.16"]
[Round "2.5"]
[White "Wei, Yi"]
[Black "Vovk, Yuri"]
[Result "0-1"]
[WhiteElo "2734"]
[BlackElo "2617"]
[Annotator "Schulz,Andre"]
[PlyCount "84"]
[EventDate "2015.09.11"]
[EventType "k.o."]
[EventRounds "7"]
[EventCountry "AZE"]
[SourceTitle "CBM 169"]
[Source "ChessBase"]
[SourceDate "2015.11.10"]
[SourceVersion "1"]
[SourceVersionDate "2015.11.10"]
[SourceQuality "1"]

1. e4 e6 2. d4 d5 3. Nc3 Nf6 4. e5 Nfd7 5. f4 c5 6. Nf3 Nc6 7. Be3 Qb6 8. Na4
Qa5+ 9. c3 c4 10. b4 Qc7 11. g3 Be7 12. Bg2 f5 13. O-O O-O 14. Nb2 b5 15. a4
bxa4 16. Nxa4 Rb8 17. Ng5 Bxg5 18. fxg5 a5 19. bxa5 Nxa5 20. g4 Nb3 {[#] Weiß
bläst nun zum Angriff und gibt eine Qualität auf a1.} 21. gxf5 (21. Ra2 f4
22. Bxf4 Ra8 $11) 21... Nxa1 22. Qxa1 Rxf5 (22... Qc6 23. f6 Ra8 24. g6 $13)
23. Rxf5 exf5 24. Bxd5+ Kh8 25. Qf1 (25. e6 $5) 25... Qa5 26. Bc6 Bb7 27. Bxd7
Qd5 {[#] Gegenangriff auf der langen Diagonalen.} 28. Bf4 Ba8 {Um mit Tb1 die
weiße Dame von g2 abzulenken.} 29. Bxf5 Rf8 $19 {Die Fesselung auf der
f-Linie entscheidet endgültig.} 30. Nb6 Qh1+ 31. Kf2 Qf3+ 32. Kg1 Qxc3 33. Bg3
(33. Nxa8 Rxf5 {und der Lf4 ist auch weg.}) 33... Qxd4+ 34. Qf2 Qa1+ 35. Qe1
Qa7 36. Qf2 c3 37. e6 Bc6 38. e7 Qxe7 39. Nc4 Be4 40. Nd6 c2 41. Nxe4 c1=Q+ 42.
Kg2 Qc6 {Nun hat Schwarz wirklich sehr viele Schwerfiguren. Weiß gab auf.} 0-1

[Event "RUS-ch Higher League 69th"]
[Site "Kolomna"]
[Date "2016.06.25"]
[Round "4"]
[White "Predke, Alexandr"]
[Black "Grachev, Boris V"]
[Result "1-0"]
[WhiteElo "2550"]
[BlackElo "2639"]
[Annotator "Sumets,A"]
[PlyCount "81"]
[EventDate "2016.06.22"]
[EventType "swiss"]
[EventRounds "9"]
[EventCountry "RUS"]
[SourceTitle "CBM 174"]
[Source "ChessBase"]
[SourceDate "2016.09.13"]
[SourceVersion "1"]
[SourceVersionDate "2016.09.13"]
[SourceQuality "1"]

1. e4 e6 2. d4 d5 3. Nc3 Nf6 4. e5 Nfd7 5. f4 c5 6. Nf3 Be7 7. Be3 b6 8. Qd2
O-O 9. Be2 (9. h4 Nc6 10. Bb5 Qc7 11. O-O-O a6 12. Bd3 f5 13. g4 c4 14. gxf5 (
14. Bf1 $5 b5 15. gxf5 b4 16. Na4 Rxf5 17. Kb1 Nf8 18. Bh3 Rf7 19. Ng5 $16)
14... cxd3 15. fxe6 Ndb8 16. Nxd5 Qd8 17. Nxe7+ Nxe7 18. Ng5 h6 19. Qxd3 $44 {
Kramnik,V (2812) -Buhmann,R (2653) Dortmund GER 2016 1/2 (46)}) 9... Nc6 {
This position can arise after 6...Nc6 7.Be3 Be7 8.Qd2 0-0 9.Be2 b6.} (9... Ba6
{seems to be more natural than 9...Nc6:} 10. O-O (10. Nb5 Nc6 11. O-O Bb7 12.
c3 Na5 13. Na3 (13. Rad1 Nc4 14. Bxc4 dxc4 15. Qe2 Bd5 16. f5 a6 $13) 13...
cxd4 14. cxd4 Bxa3 15. bxa3 Nc4 16. Qd3 f5 17. Rae1 Qe7 18. Bc1 Rac8 19. g4 Nb8
$11 {Kokarev,D (2635)-Ibragimov,I (2555) Moscow 2013 1-0 (46)}) 10... Bxe2 11.
Nxe2 Nc6 12. c3 (12. Rad1 Qc8 $5 13. c3 cxd4 14. Nexd4 Nc5 15. Qe2 Nxd4 (15...
Ne4 16. f5 $1 Bc5 17. f6 $1 $16 {Zude,A (2386)-Poetsch,H (2481) Frankfurt
Sossenheim 2015 1-0 (26)}) 16. Nxd4 g6 17. g4 Qc7 $132) 12... Rc8 13. g4 cxd4
14. Nexd4 Nc5 15. f5 Ne4 16. Qg2 Qd7 17. Rae1 Nxd4 18. Nxd4 $6 (18. Bxd4 exf5
19. gxf5 Qxf5 20. Nd2 Qg6 21. Nxe4 dxe4 $11) 18... b5 19. Re2 a5 $15 {
Rasmussen,A (2499)-Andersen,M (2476) Rhodes 2013 0-1 (29)}) 10. h4 $5 $146 {
An interesting novelty, which is approved by engines. It is clear that Black
can take on h4, but White will get a strong attack.} ({Usually White plays 10.
0-0 and he can't boast of having excellent results.} 10. O-O f5 (10... Bb7 11.
Rad1 Rc8 12. Kh1 f6 13. dxc5 Nxc5 14. exf6 Bxf6 15. Nd4 Nxd4 16. Bxd4 Bxd4 17.
Qxd4 Qf6 18. Kg1 Qg6 19. Bd3 (19. b4 $1 Nd7 (19... Ne4 20. Nxe4 Qxe4 21. Qxe4
dxe4 22. c4 $14) 20. Bd3 Qg4 21. Nb5 Ba6 22. h3 Qh4 23. Qe3 $16) 19... Qf6 20.
Be2 Qg6 21. Bd3 Qf6 22. Be2 {1/2 (22) Giri,A (2734)-Morozevich, A (2736)
Beijing 2013}) (10... f6 11. dxc5 Nxc5 12. Nd4 Bb7 13. exf6 Bxf6 14. Nxc6 Bxc6
15. Bd4 Bxd4+ 16. Qxd4 Qf6 17. Rad1 Rad8 (17... Be8 $5) 18. g3 Rfe8 19. Bf3
Qxd4+ 20. Rxd4 Nb7 21. Re1 Nd6 22. Nd1 $14 {Kravtsiv,M (2634)-Bartel,M (2640)
Lublin POL 2016 1/2 (41)}) 11. dxc5 (11. exf6 Nxf6 12. Kh1 (12. Bb5 $5) 12...
a6 13. Rae1 (13. Rad1 Qc7 14. Qe1 $6 Bd6 $1 15. Na4 $2 Nb4 16. dxc5 (16. Rc1
Nxa2 17. Ra1 Nb4 18. Qd1 Ne4 $17) 16... bxc5 17. Bg1 Bd7 {0-1 (17) Van der
Weide,K (2449)-Matamoros Franco,C (2531) Seville 2014}) 13... Ne4 14. Qd1 Nxc3
15. bxc3 c4 $1 16. Ng1 Bd6 17. Bg4 Ne7 18. Bd2 Nf5 19. Nf3 Bd7 $11 {Edouard,R 
(2674)-Michiels,B (2546) Belgium 2015 1/2 (36)}) 11... Nxc5 12. Bb5 Bb7 13.
Bxc6 Bxc6 14. Nd4 Qd7 15. b4 Ne4 16. Nxe4 dxe4 17. c4 Rad8 {Matthias wants to
play ...g5, which isn't the best plan.} (17... Rfd8 $5 {If Black plays ...a5
he needs his rook on a8, then Black can trade rooks and try to gain the
c4-pawn. I believe that after 17...Rfd8 Black has better chances}) 18. Qc3 g5
19. Rad1 gxf4 20. Bxf4 Qc8 21. Rd2 Rf7 22. Rfd1 $13 {Ponomariov,R (2710)
-Bluebaum,M (2590) Doha QAT 2015 1-0 (41)}) 10... cxd4 11. Nxd4 Nxd4 {If Black
wants to take on h4, he shouldn't trade knights on d4.} (11... Bxh4+ 12. g3 $1
{This is the point.} Bxg3+ 13. Kd1 {I believe that Black should sacrifice on
e5. It leads to very complicate positions.} Ndxe5 $1 (13... Nxd4 $2 14. Bxd4 h6
15. Qe3 Bh4 16. Qh3 Be7 17. Kd2 Re8 18. Rag1 $18) (13... Ndb8 14. Bd3 g6 15.
Rh3 Nxd4 16. Bxd4 Nc6 17. f5 $1 $18) (13... Bb7 14. Rh3 Bh4 15. Bd3 h6 16. Qh2
$18) 14. fxe5 Nxe5 15. Kc1 (15. b3 $6 Ng6 16. Bf3 Bd7 17. Kc1 Be5 $15) (15. Bg5
f6 16. Be3 Nc4 17. Bxc4 dxc4 {Black is OK}) 15... Bb7 16. b3 (16. Rg1 Bh4 17.
Nf3 Nxf3 18. Bxf3 Bf6 $13) (16. Bg5 Qc7 17. Kb1 a6 18. Bd3 Nxd3 19. Qxd3 g6 20.
Bf6 Be5 21. Qh3 h5 22. Qh4 Rfe8 23. Nce2 Rac8) 16... Ng6 17. Kb2 e5 18. Nf5 d4
19. Nxg3 Bxh1 20. Rxh1 dxc3+ 21. Qxc3 Rc8 22. Qb4 $13 {Despite the fact that
the computer likes Black's position, I believe that White has better chances.})
(11... Ndb8 $6 12. Nf3 $5 (12. O-O-O Nxd4 13. Bxd4 Nc6 14. Be3 Bc5 $132) 12...
Ba6 13. O-O-O Bxe2 14. Qxe2 Nd7 15. f5 $1 Bb4 (15... Ncxe5 16. Nxe5 Nxe5 17.
fxe6 fxe6 18. Bd4 Nf7 19. Qxe6 $16) 16. Qb5 Rc8 17. fxe6 fxe6 18. Nxd5 a6 19.
Qc4 Ndxe5 20. Nxe5 exd5 21. Qxd5+ Qxd5 22. Rxd5 Rfe8 23. Nxc6 Rxc6 24. Bd4 Re2
25. c3 $16) (11... Bb7 12. O-O-O {seems to be in White's favour.}) 12. Bxd4 f6
{It seems to be a very natural move but it leads to a worse position.} ({
Black shouldn't take on h4 after 11...Nxd4 12.Bxd4:} 12... Bxh4+ 13. g3 $1
Bxg3+ (13... Be7 14. O-O-O f6 (14... Nc5 15. g4 f6 16. Qe3 fxe5 17. Qxe5 Bf6
18. Qh5 h6 19. g5 Bxd4 20. Rxd4 Qe8 21. Qh4 $16) (14... Nb8 15. g4 Nc6 16. Qd3
h6 (16... g6 $2 17. Qh3 $18) 17. g5 Nxd4 18. Qxd4 Bb7 19. Qg1 Rc8 20. Kb1 Re8
21. Bb5 $18) 15. Bf3 $1 fxe5 (15... Bb7 16. Rxh7 $1 Kxh7 17. Qh2+ Kg8 18. Rh1
Kf7 19. Bh5+ g6 20. Bxg6+ Kxg6 21. Qh7#) 16. Nxd5 Rb8 17. Qd3 g6 18. Nxe7+ Qxe7
19. Bc3 $16) 14. Kd1 {see 11...Bxh4+ 12.g3 Bxg3+ 13.Kd1 Nxd4?}) (12... Nb8 13.
O-O-O Nc6 14. Bf2 Bc5 15. Bd3 $14) (12... Bb7 13. O-O-O Rc8 14. h5 Nc5 15. Qe3
$14) 13. exf6 Bxf6 14. O-O-O ({White could have got a slightly better position
after} 14. g3 Nc5 15. O-O-O Bxd4 16. Qxd4 Qf6 17. Qxf6 Rxf6 (17... gxf6 $6 18.
f5 $16) 18. Rhe1 $14) 14... Nc5 15. Qe3 $5 {White wants to get more than a
small advantage after 15.g3.} (15. g3 Bxd4 16. Qxd4 Qf6 $14 {See 14.g3.}) 15...
Bd7 $6 {After this move Black got into troubles.} ({Boris should have played} 
15... Bxd4 16. Rxd4 Bb7 17. g3 Qf6 18. Bg4 Rae8 19. Re1 Bc6 20. Kb1 $14 {
I believe that sooner or later White will play Qe5 with a slightly better
endgame.}) 16. h5 $1 h6 (16... Bxd4 {Black could have changed dark-squared
bishops but it's unlikely that he would have been satisfied with his position.}
17. Rxd4 h6 18. g4 Qc7 19. Rg1 Rae8 20. g5 e5 (20... hxg5 21. Rxg5 Rf6 22. Qg3
Bc8 23. b4 $1 Nb7 24. Nb5 Qe7 25. Rd1 Kh8 26. Rg1 Rg8 27. Bd3 $16) 21. fxe5
Rxe5 22. Qg3 hxg5 23. Rxd5 $16) 17. g4 Rc8 18. Rhg1 Qc7 19. g5 hxg5 20. h6 $1 (
{Another continuation leads to a complicated position:} 20. fxg5 $6 Bxd4 21.
Rxd4 Ne4 $1 22. Ba6 $1 Nxc3 23. Bxc8 Nxa2+ 24. Kb1 Rxc8 25. Kxa2 Qxc2 $13)
20... Bxd4 21. Rxd4 Ne4 {It seems to be the strongest continuation, at least
Black can trade queens.} (21... gxh6 22. fxg5 h5 23. g6 Ne4 24. Ba6 Nxc3 25.
Bxc8 Rxc8 26. bxc3 Qxc3 27. Qxc3 Rxc3 28. Rh4 $16 {White should win the
endgame.}) (21... Rf5 22. Rxg5 Rxg5 23. fxg5 Be8 24. Bg4 Bf7 25. hxg7 Kxg7 26.
Nxd5 $1 exd5 27. Bxc8 Qxc8 28. Qc3 Kf8 29. b4 $18) 22. Bd3 Qxf4 23. Qxf4 Rxf4
24. Nxe4 dxe4 25. Rxg5 Bc6 $6 ({Black should have tried} 25... Rf7 $5 26. Bxe4
Bc6 27. Bd3 Be8 (27... Bd5 28. b3) 28. Rd6 Re7 $16) 26. Rxg7+ Kh8 27. Ba6 Rcf8
28. Rd6 e3 $1 29. b3 (29. Rxc6 $4 Rf1+ 30. Bxf1 Rxf1#) 29... Bd5 $6 ({
Unfortunately} 29... b5 {doesn't work due to} 30. Rxc6 Rf1+ 31. Kb2 e2 32. Rxe6
e1=Q 33. Rxe1 Rxe1 34. Bxb5 a5 35. Ra7 $18) 30. Bd3 Be4 31. Rdd7 $18 e2 32. Kd2
$1 (32. Bxe2 $2 Rh4 33. Rxa7 Rxh6 $16) 32... e5 33. Bxe4 e1=Q+ 34. Kxe1 Rxe4+
35. Kd2 Rd4+ 36. Rxd4 exd4 37. Rxa7 Rd8 38. Rb7 Rd6 39. Kd3 Kg8 40. h7+ Kh8 41.
a4 1-0